[Event "FRA-ch Blitz Online Qual"]
[Site "Europe Echecs INT"]
[Date "2020.05.16"]
[Round "1"]
[White "Loiseau, Quentin"]
[Black "Menoux, Joachim"]
[Result "1-0"]
[WhiteElo "2457"]
[BlackElo "1627"]
[PlyCount "67"]
[EventDate "2020.05.16"]
[EventType "swiss (blitz)"]
[EventRounds "15"]
[EventCountry "FRA"]
[SourceTitle "CBM 196 Extra"]
[Source "ChessBase"]
[SourceDate "2020.07.31"]
[SourceVersion "1"]
[SourceVersionDate "2020.07.31"]
[SourceQuality "1"]

1. e4 e6 2. d3 d5 3. Nd2 Nf6 4. g3 c5 5. Bg2 Nc6 6. Ngf3 d4 7. 0-0 e5 8. Nc4 Qc7 9. Bg5 Be7 10. a4 h6 11. Bd2 Be6 12. c3 Nxe4 13. Nfxe5 Nxd2 14. Bxc6+ bxc6 15. Qxd2 Bxc4 16. Nxc4 0-0 17. cxd4 cxd4 18. Rfe1 a5 19. Re5 c5 20. Rae1 Bf6 21. R5e4 Bg5 22. Qd1 Qd7 23. Re5 Qc7 24. Qg4 Bf6 25. Rf5 Kh7 26. Nd2 Rfe8 27. Ne4 Kh8 28. Rc1 Qd7 29. Nxf6 gxf6 30. Qf4 Kh7 31. Rxf6 Kh8 32. Rxh6+ Kg8 33. Qg5+ Kf8 34. Rh8# 1-0

[Event "FRA-ch Blitz Online Qual"]
[Site "Europe Echecs INT"]
[Date "2020.05.16"]
[Round "8"]
[White "Menoux, Joachim"]
[Black "Duranton, Paul"]
[Result "1-0"]
[WhiteElo "1627"]
[BlackElo "1203"]
[PlyCount "103"]
[EventDate "2020.05.16"]
[EventType "swiss (blitz)"]
[EventRounds "15"]
[EventCountry "FRA"]
[SourceTitle "CBM 196 Extra"]
[Source "ChessBase"]
[SourceDate "2020.07.31"]
[SourceVersion "1"]
[SourceVersionDate "2020.07.31"]
[SourceQuality "1"]

1. d4 d5 2. c4 c6 3. Nf3 e6 4. Nc3 f5 5. Bg5 Nf6 6. e3 Bd6 7. Be2 0-0 8. 0-0 Qe8 9. Qb3 Ne4 10. Nxe4 fxe4 11. Ne5 Bxe5 12. dxe5 Rf5 13. Bf4 h5 14. cxd5 exd5 15. Qd1 g5 16. Bxh5 Qf8 17. Bg3 Qh6 18. Bg4 Rf8 19. Bxc8 Rxc8 20. Qg4 Rf8 21. Bf4 Kf7 22. Qxg5 Qh7 23. h3 Rg8 24. Qh6 Qf5 25. e6+ Qxe6 26. Qxe6+ Kxe6 27. f3 exf3 28. Rxf3 Nd7 29. Rd1 Rg7 30. Rf2 Rh8 31. Kh2 Nf6 32. Re2 Ng4+ 33. Kg1 Nf6 34. e4 Rxh3 35. exd5+ Kf7 36. d6 Nd7 37. Re7+ Kf8 38. Rxg7 Kxg7 39. gxh3 Kf6 40. h4 Kf5 41. Bg3 Kg4 42. h5 Kxg3 43. h6 Nf6 44. h7 Nxh7 45. d7 Ng5 46. d8Q Nf3+ 47. Kf1 Nh2+ 48. Ke2 Nf3 49. Rd3 c5 50. Rxf3+ Kg4 51. Qg8+ Kh5 52. Rh3# 1-0

[Event "FRA-ch Blitz Online Qual"]
[Site "Europe Echecs INT"]
[Date "2020.05.16"]
[Round "6"]
[White "Menoux, Joachim"]
[Black "Paralieu, Emma1"]
[Result "1-0"]
[WhiteElo "1627"]
[BlackElo "1312"]
[PlyCount "135"]
[EventDate "2020.05.16"]
[EventType "swiss (blitz)"]
[EventRounds "15"]
[EventCountry "FRA"]
[SourceTitle "CBM 196 Extra"]
[Source "ChessBase"]
[SourceDate "2020.07.31"]
[SourceVersion "1"]
[SourceVersionDate "2020.07.31"]
[SourceQuality "1"]

1. d4 Nf6 2. c4 e6 3. Nc3 d5 4. Bg5 c6 5. Nf3 Nbd7 6. e3 Be7 7. Qc2 h6 8. Bh4 a6 9. Rc1 b6 10. Bd3 Bb7 11. 0-0 Qc7 12. Bg3 Bd6 13. cxd5 exd5 14. Rfe1 0-0 15. a3 c5 16. dxc5 bxc5 17. Bxd6 Qxd6 18. e4 dxe4 19. Nxe4 Nxe4 20. Bxe4 Bxe4 21. Qxe4 Nf6 22. Qc4 Rac8 23. h3 Qb6 24. b3 a5 25. a4 Qb4 26. Re5 Qxc4 27. Rxc4 Nd7 28. Re7 Rfd8 29. Ne5 Nxe5 30. Rxe5 Rd1+ 31. Kh2 Rb1 32. Rcxc5 Rd8 33. Rxa5 Rxb3 34. Red5 Re8 35. Re5 Rd8 36. Rad5 Ra8 37. a5 Ra3 38. Rb5 Kh7 39. Re7 f6 40. Rbb7 Rg8 41. Ra7 Kg6 42. a6 Ra5 43. Rec7 h5 44. Rc6 Rb8 45. Rb7 Ra8 46. Rbb6 Ra2 47. f3 h4 48. Rc4 Kg5 49. Rb7 g6 50. Rg4+ Kf5 51. Rb5+ Ke6 52. Rxg6 R8xa6 53. Rg4 f5 54. Rxh4 R6a3 55. Rh6+ Kd7 56. Rxf5 Re3 57. Rf7+ Kd8 58. Rd6+ Ke8 59. Rf4 Ke7 60. Rb6 Kd7 61. h4 Ke7 62. Kh3 Re5 63. Rg4 Kf7 64. Rc4 Rf2 65. Rc7+ Re7 66. Rxe7+ Kxe7 67. Kg3 Kf7 68. Kxf2 1-0